000 01167nam a2200253Ia 4500
999 _c55982
_d55982
001 23081
003 GE_BSU
005 20230710114604.0
008 181216s1982||||ge |||||||||||||| ||geo||
040 _cGE_BSU
041 _ageo
080 _a821.133.1-2 ფ-87
245 _aფრანგული დრამა :
_bპიერ კორნელი, ჟან რასინი, ან-ბატისტ მოლიერი /
_cწინასიტყვ. ავტ. : გ. ბუაჩიძე ; რედ. ე. კვიტაიშვილი.
264 _aთბილისი :
_bსაბჭ. საქართველო,
_c1982.
300 _a876 გვ. ;
_c20 სმ.
490 _aმსოფლიო ლიტერატურის ბიბლიოთეკა
_vტ. 22
541 _h7 ლ. 20თ.
653 _aფრანგული დრამა
653 _aპიერ კორნელი
653 _aჟან რასინი
653 _aან-ბატისტ მოლიერი
700 _aკვიტაიშვილი, ე.
_eრედაქტორი
_916444
942 _cBK
_2udc